MARC details
| 000 -LEADER |
| campo de control de longitud fija |
02503nas a2200469 i 4500 |
| 001 - NÚMERO DE CONTROL |
| campo de control |
528 |
| 003 - IDENTIFICADOR DE NÚMERO DE CONTROL |
| campo de control |
ES-MaACL |
| 005 - FECHA Y HORA DE LA ÚLTIMA TRANSACCIÓN |
| campo de control |
20250902103421.0 |
| 008 - DATOS DE LONGITUD FIJA--INFORMACIÓN GENERAL |
| campo de control de longitud fija |
950801c1876 sp mr p 0 1 |spa d |
| 022 ## - NÚMERO INTERNACIONAL NORMALIZADO PARA PUBLICACIONES SERIADAS |
| Número Internacional Normalizado para Publicaciones Seriadas |
1698-7918 |
| 022 ## - NÚMERO INTERNACIONAL NORMALIZADO PARA PUBLICACIONES SERIADAS |
| Número Internacional Normalizado para Publicaciones Seriadas |
2603-6029 |
| 022 ## - NÚMERO INTERNACIONAL NORMALIZADO PARA PUBLICACIONES SERIADAS |
| Número Internacional Normalizado para Publicaciones Seriadas |
0210-8577 |
| 080 ## - NÚMERO DE LA CLASIFICACIÓN DECIMAL UNIVERSAL |
| Número de la Clasificación Decimal Universal |
06 |
| 245 00 - MENCIÓN DEL TÍTULO |
| Título |
Boletín de la Sociedad Geográfica de Madrid. |
| 260 ## - PUBLICACIÓN, DISTRIBUCIÓN, ETC. |
| Lugar de publicación, distribución, etc. |
Madrid : |
| Nombre del editor, distribuidor, etc. |
Sociedad Geográfica de Madrid, |
| Fecha de publicación, distribución, etc. |
1876-1936 ( |
| Fabricante |
Patronato de Huérfanos de Intendencia e Intervención Militares) |
| 300 ## - DESCRIPCIÓN FÍSICA |
| Extensión |
79 v. : |
| Otras características físicas |
il. ; |
| Dimensiones |
24 cm. |
| 310 ## - PERIODICIDAD ACTUAL |
| Periodicidad actual |
Mensual |
| 321 ## - PERIODICIDAD ANTERIOR |
| Periodicidad anterior |
Mensual, |
| Fechas de la periodicidad anterior |
1876-1903 |
| 321 ## - PERIODICIDAD ANTERIOR |
| Periodicidad anterior |
Trimestral, |
| Fechas de la periodicidad anterior |
1904-1931 |
| 362 0# - FECHAS DE PUBLICACIÓN Y/O DESIGNACIÓN SECUENCIAL |
| Fecha de publicación y/o designación secuencial |
Año I, t. I (jul. 1876)-t. 42 (1900) ; T. 43 (1901)-t. 71 (1931) ; T. 72 (1932)-t. 75, n. 7 (jul. 1936) ; T. 76, n. 8 a 12 (ag.-dic. 1936)- |
| 500 ## - NOTA GENERAL |
| Nota general |
Suspendido de 1937 a 1940. |
| 530 ## - NOTA DISPONIBLE DE FORMULARIO FÍSICO ADICIONAL |
| Nota de formato físico adicional disponible |
Disponible en formato digital. |
| 555 ## - NOTA DE ÍNDICE ACUMULATIVO U OTROS INSTRUMENTOS BIBLIOGRÁFICOS |
| Nota de índice acumulativo u otros instrumentos bibliográficos |
T. 1 (1876)-t.42 (1900) |
| 555 ## - NOTA DE ÍNDICE ACUMULATIVO U OTROS INSTRUMENTOS BIBLIOGRÁFICOS |
| Nota de índice acumulativo u otros instrumentos bibliográficos |
Repertorio de publicaciones y tareas de la Sociedad Geográfica de Madrid (1876-1900) / Ricardo Beltrán Rózpide. |
| 597 ## - NOTA DE DESCRIPCIÓN FÍSICA |
| NOTA DE DESCRIPCIÓN FÍSICA |
Algunos v. con láminas y mapas. |
| 650 17 - PUNTO DE ACCESO ADICIONAL DE MATERIA--TÉRMINO DE MATERIA |
| Término de materia o nombre geográfico como elemento de entrada |
Geografía |
| Fuente del encabezamiento o término |
embne |
| 9 (RLIN) |
13070 |
| 650 #4 - PUNTO DE ACCESO ADICIONAL DE MATERIA--TÉRMINO DE MATERIA |
| Término de materia o nombre geográfico como elemento de entrada |
Instituciones científicas y diversas |
| 9 (RLIN) |
13829 |
| 700 1# - ENTRADA AGREGADA--NOMBRE PERSONAL |
| Nombre de persona |
Beltrán y Rózpide, Ricardo. |
| 9 (RLIN) |
27381 |
| 710 2# - ENTRADA AGREGADA--NOMBRE DE ENTIDAD CORPORATIVA |
| Nombre de entidad corporativa o nombre de jurisdicción como elemento de entrada |
Sociedad Geográfica de Madrid. |
| 9 (RLIN) |
6775 |
| 710 2# - ENTRADA AGREGADA--NOMBRE DE ENTIDAD CORPORATIVA |
| Nombre de entidad corporativa o nombre de jurisdicción como elemento de entrada |
Real Sociedad Geográfica |
| 9 (RLIN) |
6403 |
| 710 2# - ENTRADA AGREGADA--NOMBRE DE ENTIDAD CORPORATIVA |
| Nombre de entidad corporativa o nombre de jurisdicción como elemento de entrada |
Patronato de Huérfanos de Intendencia e Intervención Militares. |
| 9 (RLIN) |
6172 |
| 785 00 - ENTRADA/ENLACE A UN TÍTULO POSTERIOR |
| Encabezamiento principal |
Boletín de la Real Sociedad Geográfica, |
| Lugar, editor y fecha de publicación |
1901 |
| 785 00 - ENTRADA/ENLACE A UN TÍTULO POSTERIOR |
| Encabezamiento principal |
Boletín de la Sociedad Geográfica Nacional, |
| Lugar, editor y fecha de publicación |
1932 |
| 852 ## - LOCALIZACIÓN |
| Ubicación |
ES-MaACL |
| Número de control de estantería |
Hem-1029 |
| 856 ## - LOCALIZACIÓN Y ACCESO ELECTRÓNICOS |
| Identificador Uniforme de Recursos |
<a href="https://prensahistorica.mcu.es/es/publicaciones/numeros_por_mes.cmd?idPublicacion=1001149">https://prensahistorica.mcu.es/es/publicaciones/numeros_por_mes.cmd?idPublicacion=1001149</a> |
| Nota pública |
Biblioteca Virtual de Prensa Histórica |
| -- |
(jul. 1876-en. 1900) |
| 856 ## - LOCALIZACIÓN Y ACCESO ELECTRÓNICOS |
| Identificador Uniforme de Recursos |
<a href="https://prensahistorica.mcu.es/es/consulta/registro.do?id=1000095">https://prensahistorica.mcu.es/es/consulta/registro.do?id=1000095</a> |
| Nota pública |
Biblioteca Virtual de Prensa Histórica |
| -- |
(en. 1901-en. 1931) |
| 856 ## - LOCALIZACIÓN Y ACCESO ELECTRÓNICOS |
| Identificador Uniforme de Recursos |
<a href="https://prensahistorica.mcu.es/es/consulta/registro.do?id=1000096">https://prensahistorica.mcu.es/es/consulta/registro.do?id=1000096</a> |
| Nota pública |
Biblioteca Virtual de Prensa Histórica |
| -- |
(en. 1932-jul. 1936) |
| 856 ## - LOCALIZACIÓN Y ACCESO ELECTRÓNICOS |
| Identificador Uniforme de Recursos |
<a href="https://prensahistorica.mcu.es/es/publicaciones/numeros_por_mes.cmd?idPublicacion=1001145">https://prensahistorica.mcu.es/es/publicaciones/numeros_por_mes.cmd?idPublicacion=1001145</a> |
| Nota pública |
Biblioteca Virtual de Prensa Histórica |
| -- |
(ag. 1936, en. 1941-oct. 1950) |
| 856 ## - LOCALIZACIÓN Y ACCESO ELECTRÓNICOS |
| Identificador Uniforme de Recursos |
<a href="https://realsociedadgeografica.com/publicaciones/boletin/ ">https://realsociedadgeografica.com/publicaciones/boletin/ </a> |
| Nota pública |
Real Sociedad Geográfica |
| -- |
(Índices 1876 a 2020) |
| -- |
-(1876-2015) |
| 866 #0 - MENCIÓN TEXTUAL DE FONDOS--UNIDAD BIBLIOGRÁFICA BÁSICA |
| Fondos |
1876-77(1878)1879-1900,1902-3,1905-20,1923-24,1926-30,1933-35(1936). |